Quick Medical Examinations Review Volume 3 (Record no. 220086)

MARC details
000 -LEADER
fixed length control field 00469nam a2200181Ia 4500
008 - FIXED-LENGTH DATA ELEMENTS--GENERAL INFORMATION
fixed length control field 240823s9999||||xx |||||||||||||| ||und||
020 ## - INTERNATIONAL STANDARD BOOK NUMBER
International Standard Book Number 81-239-0197-6
082 ## - DEWEY DECIMAL CLASSIFICATION NUMBER
-- 610.76 N3
100 ## - MAIN ENTRY--PERSONAL NAME
Personal name Bhatia M S
245 #0 - TITLE STATEMENT
Title Quick Medical Examinations Review Volume 3
250 ## - EDITION STATEMENT
Edition statement 2nd
260 ## - PUBLICATION, DISTRIBUTION, ETC. (IMPRINT)
Date of publication, distribution, etc 1993
Name of publisher, distributor, etc "CBS Publishers & Distributors,New "
500 ## - GENERAL NOTE
General note TRANSFERED
650 ## - SUBJECT ADDED ENTRY--TOPICAL TERM
Topical term or geographic name as entry element Quick Medical
942 ## - ADDED ENTRY ELEMENTS (KOHA)
Item type Books
Holdings
Withdrawn status Lost status Damaged status Permanent location Current location Shelving location Date acquired Full call number Barcode Date last seen Koha item type
      CENTRAL LIBRARY, NOORUL ISLAM CENTRE FOR HIGHER EDUCATION CENTRAL LIBRARY, NOORUL ISLAM CENTRE FOR HIGHER EDUCATION   11/20/2014 610.76 N3 69338 08/23/2024 Books
Visitors:
Copyright © 2024 Central Library NICHE.  All rights reserved.